Visual Basic. Net kỹ xảo lập trình : Tin học thực hành
Nội dung sách khảo sát khía cạnh đặc biệt của visual Basic.Net hoặc những khả năng quan trọng do môi trường .Net cung cấp.
Đã lưu trong:
| 主要作者: | |
|---|---|
| 格式: | 圖書 |
| 語言: | Undetermined |
| 出版: |
Tp.Hồ Chí Minh
Phương đông
2005
|
| 主題: | |
| 標簽: |
添加標簽
沒有標簽, 成為第一個標記此記錄!
|
| Thư viện lưu trữ: | Trung tâm Học liệu Trường Đại học Cần Thơ |
|---|
| LEADER | 00817nam a2200217Ia 4500 | ||
|---|---|---|---|
| 001 | CTU_151010 | ||
| 008 | 210402s9999 xx 000 0 und d | ||
| 020 | |c 52000 | ||
| 082 | |a 005.2768 | ||
| 082 | |b L105 | ||
| 100 | |a Phương, Lan | ||
| 245 | 0 | |a Visual Basic. Net kỹ xảo lập trình : | |
| 245 | 0 | |b Tin học thực hành | |
| 245 | 0 | |c Phương Lan chủ biên, Hoàng Đức Hải | |
| 260 | |a Tp.Hồ Chí Minh | ||
| 260 | |b Phương đông | ||
| 260 | |c 2005 | ||
| 520 | |a Nội dung sách khảo sát khía cạnh đặc biệt của visual Basic.Net hoặc những khả năng quan trọng do môi trường .Net cung cấp. | ||
| 650 | |a Basic (Computer program language) | ||
| 904 | |i Tuyến | ||
| 980 | |a Trung tâm Học liệu Trường Đại học Cần Thơ | ||